| 000 | 00617nam a2200229Ia 4500 | ||
|---|---|---|---|
| 005 | 20260429112112.0 | ||
| 008 | 260429s9999||||xx |||||||||||||| ||und|| | ||
| 020 | _a9781032381343 | ||
| 041 | _aEnglish | ||
| 082 |
_a635 _bTHA |
||
| 100 | _aThakur, Ajay Kumar | ||
| 245 | 0 |
_aBiotechnological advances in horticultural crops / _cAjay Kumar Thakur |
|
| 250 | _a1st ed. | ||
| 260 |
_aBoca Raton : _bCRC Press, _c2025. |
||
| 300 | _axx, 213 p.; hb | ||
| 650 | _a Biotechnology | ||
| 650 | _a Crops | ||
| 650 | _aHorticultural | ||
| 700 | _a Pankaj Kumar | ||
| 700 | _a Srivastava, Dinesh Kumar | ||
| 942 | _cTB | ||
| 999 |
_c52366 _d52366 |
||